[Event "Najdorf Mem Open A 2016"]
[Site "Warsaw POL"]
[Date "2016.07.11"]
[Round "4.17"]
[White "Socko, Bartosz"]
[Black "Skliarov, Viktor"]
[Result "1/2-1/2"]
[WhiteTitle "GM"]
[BlackTitle "FM"]
[WhiteElo "2599"]
[BlackElo "2429"]
[WhiteFideId "1107038"]
[BlackFideId "14106736"]
[EventDate "2016.07.08"]

1. e4 c5 2. Nf3 Nc6 3. d4 cxd4 4. Nxd4 Nf6 5. Nc3 e5 6. Ndb5 d6 7. Nd5 Nxd5 8.
exd5 Nb8 9. c4 Be7 10. Be2 a6 11. Nc3 O-O 12. O-O Nd7 13. Kh1 f5 14. f3 Bg5 15.
b4 b6 16. Na4 Ra7 17. Qb3 Rb7 18. f4 Bxf4 19. Bxf4 exf4 20. Rxf4 Ne5 21. Re1 Qg5
22. Ref1 Ng6 23. R4f2 Bd7 24. Nc3 Qe3 25. Qa3 Ra7 26. Rf3 Qe7 27. Qb3 Ne5 28.
R3f2 Rc8 29. Nb1 Rac7 30. Nd2 Qg5 31. Nf3 Nxf3 32. Rxf3 Re8 33. Bd3 g6 34. Qc3
Qe7 35. Qd4 Rb7 36. Qf2 Bc8 37. h3 Qg7 38. a3 b5 39. Re3 Rxe3 40. Qxe3 Re7 41.
Qb6 Qc3 42. Rf3 Re1+ 43. Rf1 Re7 44. Rf3 Re1+ 45. Rf1 1/2-1/2

[Event "Najdorf Mem Open A 2016"]
[Site "Warsaw POL"]
[Date "2016.07.11"]
[Round "4.18"]
[White "Tania, Sachdev"]
[Black "Mista, Aleksander"]
[Result "0-1"]
[WhiteTitle "IM"]
[BlackTitle "GM"]
[WhiteElo "2398"]
[BlackElo "2584"]
[WhiteFideId "5007844"]
[BlackFideId "1110381"]
[EventDate "2016.07.08"]

1. d4 Nf6 2. c4 g6 3. Nc3 d5 4. Nf3 Bg7 5. Bf4 O-O 6. e3 c5 7. dxc5 Ne4 8. Rc1
Nd7 9. cxd5 Qa5 10. Nd4 Nxc3 11. bxc3 Qxa2 12. c6 Nc5 13. Be2 Qxd5 14. Bf3 Qd8
15. cxb7 Bxb7 16. Bxb7 Nxb7 17. Qf3 Nc5 18. O-O e5 19. Nc6 Qc7 20. Qd5 exf4 21.
Qxc5 Rfe8 22. Qd5 Rac8 23. Nd4 fxe3 24. fxe3 Rxe3 25. Nb5 Qe7 26. c4 Re5 27. Qd3
Rd8 28. Qf3 Re3 29. Qc6 Be5 30. Rf3 Rxf3 31. Qxf3 a6 0-1

[Event "Najdorf Mem Open A 2016"]
[Site "Warsaw POL"]
[Date "2016.07.11"]
[Round "4.19"]
[White "Lalith, Babu M R"]
[Black "Yilmazyerli, Mert"]
[Result "1-0"]
[WhiteTitle "GM"]
[BlackTitle "IM"]
[WhiteElo "2565"]
[BlackElo "2424"]
[WhiteFideId "5024595"]
[BlackFideId "6305962"]
[EventDate "2016.07.08"]

1. Nf3 g6 2. c4 Bg7 3. d4 d6 4. Nc3 e5 5. e4 Nc6 6. Bg5 f6 7. Be3 Nh6 8. h3 Nf7
9. Qb3 Ng5 10. Bxg5 fxg5 11. dxe5 dxe5 12. c5 Nd4 13. Nxd4 exd4 14. O-O-O Be5
15. Nb5 Qf6 16. Nxd4 c6 17. Nf3 Be6 18. Bc4 Bxc4 19. Qxc4 Bxb2+ 20. Kc2 Be5 21.
Nxe5 Qxe5 22. Rd6 Ke7 23. Rhd1 Rhd8 24. Qb4 b5 25. Qc3 Qxc3+ 26. Kxc3 Rxd6 27.
Rxd6 Rc8 28. Kb4 a5+ 29. Kxa5 Ra8+ 30. Kb6 Rxa2 31. f3 b4 32. Kxc6 Rxg2 33. Rd4
b3 34. Kb7 b2 35. Rb4 Rc2 36. c6 Kd6 37. e5+ Kxe5 38. c7 b1=Q 39. Rxb1 Kf4 40.
c8=Q Rxc8 41. Kxc8 Kxf3 42. Rg1 Kf4 43. Kd7 h5 44. Ke6 g4 45. h4 g3 46. Kf6 Kg4
47. Rh1 g2 48. Rg1 Kxh4 49. Rxg2 Kh3 50. Rxg6 1-0

[Event "Najdorf Mem Open A 2016"]
[Site "Warsaw POL"]
[Date "2016.07.11"]
[Round "4.20"]
[White "Rozentalis, Eduardas"]
[Black "Nasuta, Grzegorz"]
[Result "1/2-1/2"]
[WhiteTitle "GM"]
[BlackTitle "IM"]
[WhiteElo "2552"]
[BlackElo "2417"]
[WhiteFideId "12800023"]
[BlackFideId "1141686"]
[EventDate "2016.07.08"]

1. e4 c5 2. Nf3 d6 3. Bb5+ Nd7 4. c3 Nf6 5. Qe2 a6 6. Ba4 e5 7. d4 Qc7 8. O-O
Be7 9. Bc2 O-O 10. a4 b6 11. d5 Re8 12. c4 Nf8 13. Ne1 h6 14. Nc3 N6h7 15. g3
Bh3 16. Ng2 Bg5 17. f3 Ng6 18. Rf2 Bxc1 19. Rxc1 Rf8 20. Ne3 Bd7 21. f4 exf4 22.
gxf4 Rae8 23. Kh1 Qd8 24. Rg1 Kh8 25. Qf3 Rg8 26. Qg3 Qf6 27. Ng4 Qd8 28. Rff1
Qc8 29. f5 Ne5 30. Rf4 Qd8 31. Nxe5 Rxe5 32. Rh4 Qf6 33. Rf4 1/2-1/2

[Event "Najdorf Mem Open A 2016"]
[Site "Warsaw POL"]
[Date "2016.07.11"]
[Round "4.21"]
[White "Abdumalik, Zhansaya"]
[Black "Sengupta, Deep"]
[Result "0-1"]
[WhiteTitle "WGM"]
[BlackTitle "GM"]
[WhiteElo "2382"]
[BlackElo "2551"]
[WhiteFideId "13703544"]
[BlackFideId "5008352"]
[EventDate "2016.07.08"]

1. e4 e6 2. d4 d5 3. Nc3 Bb4 4. e5 c5 5. a3 Bxc3+ 6. bxc3 Qa5 7. Bd2 Qa4 8. Qg4
Kf8 9. Nf3 Nc6 10. Be2 Nge7 11. O-O h6 12. h4 b6 13. Rfb1 Qxc2 14. dxc5 bxc5 15.
Qf4 Rb8 16. Bb5 a6 17. Ne1 Qe4 18. Qxe4 dxe4 19. Ba4 Rxb1 20. Rxb1 Kg8 21. Be3
Nxe5 22. Bxc5 Nf5 23. h5 Kh7 24. Rb4 Nd7 25. Bxd7 Bxd7 26. Rxe4 Bc6 27. Rf4 Rd8
28. Kf1 Rd2 29. g4 Nh4 30. Be3 Rd7 31. Ke2 f5 32. gxf5 Nxf5 33. Nd3 Rc7 34. Kd2
Be8 35. Re4 Bxh5 36. Rxe6 Rd7 37. Rxa6 Bg6 38. Bf4 Bf7 39. Kc2 Bd5 40. Ra4 g5
41. Bd2 Nd6 42. Be3 Nc4 43. Bd4 Re7 44. Kd1 Ne5 45. Nc1 Nf3 46. Be3 h5 47. c4
Bb7 48. Ra7 Ne5 49. Ne2 Kg6 50. Ra5 h4 51. Rb5 Bf3 52. Ke1 h3 53. Rb6+ Kh5 54.
Ng3+ Kg4 55. Rd6 h2 56. Rd4+ Kh3 57. Bxg5 Nc6+ 58. Kd2 Nxd4 59. Bxe7 Nf5 0-1

[Event "Najdorf Mem Open A 2016"]
[Site "Warsaw POL"]
[Date "2016.07.11"]
[Round "4.22"]
[White "Przedmojski, Rafal"]
[Black "Indjic, Aleksandar"]
[Result "0-1"]
[BlackTitle "GM"]
[WhiteElo "2337"]
[BlackElo "2547"]
[WhiteFideId "1102451"]
[BlackFideId "911925"]
[EventDate "2016.07.08"]

1. e4 c5 2. Nf3 d6 3. Bb5+ Nd7 4. c3 Nf6 5. Qe2 a6 6. Ba4 e6 7. O-O Be7 8. d4 b5
9. Bc2 Bb7 10. Bf4 Rc8 11. Rc1 cxd4 12. cxd4 Rxc2 13. Qxc2 Bxe4 14. Qe2 Bb7 15.
Nbd2 Nd5 16. Bg3 N7b6 17. b3 O-O 18. a4 b4 19. a5 Nc3 20. Qe1 Nbd5 21. Nc4 Qd7
22. Nfd2 h5 23. f3 h4 24. Bf2 Nf4 25. Rc2 h3 26. g3 Nfe2+ 27. Kf1 d5 28. Ne5 Qb5
29. Ndc4 Rc8 30. Rxe2 dxc4 31. bxc4 Rxc4 32. Be3 Rc7 33. Bd2 Nxe2 34. Qxe2 Qd5
35. Qd3 Bd6 36. Re1 b3 37. Bf4 Rc2 38. Rb1 Bxe5 39. Rxb3 Rxh2 40. dxe5 Ra2 41.
Kg1 h2+ 42. Kh1 Qxd3 43. Rxd3 Rf2 0-1

[Event "Najdorf Mem Open A 2016"]
[Site "Warsaw POL"]
[Date "2016.07.11"]
[Round "4.23"]
[White "Golubov, Saveliy"]
[Black "Lindgren, Philip"]
[Result "1/2-1/2"]
[WhiteTitle "IM"]
[BlackTitle "IM"]
[WhiteElo "2497"]
[BlackElo "2411"]
[WhiteFideId "24176729"]
[BlackFideId "1713230"]
[EventDate "2016.07.08"]

1. Nf3 d5 2. g3 c6 3. Bg2 Bg4 4. O-O Nd7 5. d3 e6 6. Nbd2 Bd6 7. e4 Ne7 8. Qe1
O-O 9. Nh4 Re8 10. h3 Bh5 11. g4 Bg6 12. f4 f6 13. Ndf3 Qc7 14. e5 fxe5 15. Ng5
Nf8 16. f5 exf5 17. gxf5 h6 18. fxg6 hxg5 19. Bxg5 Nfxg6 20. Bf3 Nxh4 21. Qxh4
Ng6 22. Qh5 Nf4 23. Bxf4 exf4 24. Rae1 Bc5+ 25. Kh1 Be3 26. Bg4 Qf7 27. Qg5 Qf6
28. Qxf6 gxf6 29. c4 d4 30. Re2 Re5 31. h4 Kf7 32. Bf3 Rh8 33. Rh2 Rg8 34. Rg2
Rh8 35. Rh2 Re7 36. b4 Ke6 37. a4 Rg7 38. h5 Rhg8 39. Rh4 Rh8 40. Rh2 f5 41. b5
c5 1/2-1/2

[Event "Najdorf Mem Open A 2016"]
[Site "Warsaw POL"]
[Date "2016.07.11"]
[Round "4.24"]
[White "Warakomski, Tomasz"]
[Black "Menezes, Christoph"]
[Result "1/2-1/2"]
[WhiteTitle "IM"]
[BlackTitle "IM"]
[WhiteElo "2492"]
[BlackElo "2398"]
[WhiteFideId "1124552"]
[BlackFideId "1617001"]
[EventDate "2016.07.08"]

1. d4 Nf6 2. Bg5 d5 3. Nc3 c5 4. Bxf6 gxf6 5. e3 Nc6 6. Qh5 e6 7. O-O-O Bd7 8.
e4 cxd4 9. exd5 Qa5 10. Bb5 O-O-O 11. dxc6 Bxc6 12. Nge2 Ba3 13. Nb1 Bxb2+ 14.
Kxb2 Rd5 15. Qxf7 Qxb5+ 16. Kc1 Qxe2 17. Qxf6 Re8 18. Rhe1 Qg4 19. h3 Qxg2 20.
Rxe6 Rxe6 21. Qxe6+ Kb8 22. Nd2 a6 23. Nb3 Qxf2 24. Qg8+ Ka7 25. Qxh7 Qf4+ 26.
Kb1 Bb5 27. Qg8 Qf3 28. Qg1 Qxh3 29. Nxd4 b6 30. Qg7+ Qd7 31. Qf6 a5 32. Rg1
Rxd4 33. Rg7 Qxg7 34. Qxg7+ Rd7 35. Qe5 1/2-1/2

[Event "Najdorf Mem Open A 2016"]
[Site "Warsaw POL"]
[Date "2016.07.11"]
[Round "4.25"]
[White "Bus, Konrad"]
[Black "Tabatabaei, M.amin"]
[Result "0-1"]
[BlackTitle "IM"]
[WhiteElo "2216"]
[BlackElo "2481"]
[WhiteFideId "1148362"]
[BlackFideId "12521213"]
[EventDate "2016.07.08"]

1. Nf3 Nf6 2. c4 g6 3. Nc3 Bg7 4. e4 d6 5. d4 O-O 6. Be2 e5 7. O-O Nc6 8. d5 Ne7
9. b4 a5 10. Ba3 axb4 11. Bxb4 b6 12. a4 Re8 13. Qc2 c5 14. dxc6 Nxc6 15. Rab1
Nd4 16. Qd1 Bb7 17. Bd3 Bc6 18. Nd2 Nh5 19. Re1 Nf4 20. Bf1 Nfe6 21. Nb5 Nc5 22.
Ra1 Bh6 23. Ra3 Bxd2 24. Qxd2 Nxe4 25. Qb2 Nxb5 26. axb5 Bb7 27. Rae3 f5 28. f3
Nc5 29. f4 Be4 30. fxe5 dxe5 31. Qc1 Ra2 32. Bxc5 bxc5 33. Ra3 Qd4+ 34. Kh1 Rc2
35. Qg5 Qd2 36. Qxd2 Rxd2 37. Ra7 Red8 38. Kg1 R8d7 39. Rxd7 Rxd7 40. Ra1 Kf7
41. Ra5 Ke6 42. Ra6+ Rd6 43. Ra7 Rd1 44. Kf2 Rd2+ 45. Ke3 Rb2 46. Rxh7 Bxg2 47.
Bxg2 Rxg2 48. Rc7 f4+ 49. Kf3 Rxh2 50. Rxc5 Kf5 51. b6 g5 0-1

[Event "Najdorf Mem Open A 2016"]
[Site "Warsaw POL"]
[Date "2016.07.11"]
[Round "4.26"]
[White "Lysyj, Igor"]
[Black "Krysztofiak, Marcin"]
[Result "1/2-1/2"]
[WhiteTitle "GM"]
[BlackTitle "IM"]
[WhiteElo "2663"]
[BlackElo "2384"]
[WhiteFideId "4150120"]
[BlackFideId "1114751"]
[EventDate "2016.07.08"]

1. d4 Nf6 2. c4 e6 3. Nf3 d5 4. e3 Be7 5. b3 O-O 6. Bb2 b6 7. cxd5 exd5 8. Nc3
c5 9. Be2 Bb7 10. O-O Nbd7 11. Rc1 Rc8 12. Rc2 Ne4 13. Qa1 Bf6 14. Rd1 Qe7 15.
Bf1 Rfd8 16. g3 c4 17. Nxe4 Qxe4 18. Ne1 b5 19. a4 a6 20. bxc4 bxc4 21. Bc3 Bc6
22. Bg2 Qf5 23. Rb1 Rb8 24. Rcc1 h5 25. Rxb8 Rxb8 26. Nc2 Rb3 27. e4 dxe4 28.
Ne3 Qe6 29. Bf1 Bd5 30. Be1 Rxe3 31. fxe3 Nc5 32. Bxc4 Bxc4 33. Qc3 Nd3 34. Qxc4
Nxc1 35. Qxc1 h4 36. gxh4 Qg4+ 37. Kf1 Qf3+ 38. Kg1 Qg4+ 39. Kf1 Qf3+ 40. Kg1
Qg4+ 1/2-1/2

[Event "Najdorf Mem Open A 2016"]
[Site "Warsaw POL"]
[Date "2016.07.11"]
[Round "4.27"]
[White "Ivanisevic, Ivan"]
[Black "Percivaldi, Martin"]
[Result "1-0"]
[WhiteTitle "GM"]
[BlackTitle "FM"]
[WhiteElo "2656"]
[BlackElo "2347"]
[WhiteFideId "912417"]
[BlackFideId "1508148"]
[EventDate "2016.07.08"]

1. d4 d5 2. c4 c6 3. Nf3 Nf6 4. Nc3 dxc4 5. a4 Bf5 6. Ne5 Nbd7 7. Nxc4 Nb6 8.
Ne5 a5 9. e3 Nbd7 10. Qb3 Nxe5 11. dxe5 Nd7 12. e4 Be6 13. Qxb7 Nxe5 14. Bf4 Rb8
15. Qa7 f6 16. Be2 Qb6 17. Qxb6 Rxb6 18. O-O-O g6 19. h4 h5 20. Rd2 Bg7 21. Rhd1
Kf7 22. Rd8 Rb8 23. Rxh8 Bxh8 24. g3 Bg7 25. Be3 Ke8 26. Bc5 Nc4 27. Rd4 Nb6 28.
f4 Bf7 29. Nb5 Bb3 30. Nc7+ Kf7 31. Na6 Rb7 32. Ba3 Nxa4 33. Bc4+ Bxc4 34. Rxc4
Nb6 35. Rxc6 Nd7 36. Kc2 g5 37. e5 fxe5 38. fxg5 e4 39. g6+ Kg8 40. Rc8+ Nf8 41.
Nc7 Rxc7+ 42. Rxc7 Nxg6 43. Rc5 Be5 44. Rxa5 Kf7 45. g4 Bg3 46. gxh5 Nxh4 47.
Rg5 Bf2 48. h6 Bd4 49. h7 Ng6 50. Bc5 Bf6 51. Rg4 Nf8 52. Rh4 Ng6 53. Rxe4 1-0

[Event "Najdorf Mem Open A 2016"]
[Site "Warsaw POL"]
[Date "2016.07.11"]
[Round "4.28"]
[White "Dragun, Kamil"]
[Black "Webersberger, Johann"]
[Result "1-0"]
[WhiteTitle "GM"]
[BlackTitle "FM"]
[WhiteElo "2623"]
[BlackElo "2362"]
[WhiteFideId "1134167"]
[BlackFideId "1611100"]
[EventDate "2016.07.08"]

1. d4 Nf6 2. c4 e6 3. Nf3 b6 4. Nc3 Bb7 5. e3 g6 6. Bd3 d5 7. O-O Bg7 8. Qe2 Ne4
9. Nd2 f5 10. Ncxe4 dxe4 11. Bc2 O-O 12. f3 c5 13. dxc5 exf3 14. Nxf3 bxc5 15.
e4 Nc6 16. Be3 Qb6 17. Rad1 Rad8 18. b3 a5 19. Kh1 f4 20. Bf2 Ne5 21. Nxe5 Bxe5
22. Rxd8 Rxd8 23. Rd1 Rxd1+ 24. Qxd1 Bc6 25. a3 h5 26. Qd2 g5 27. h3 Kg7 28. Be1
a4 29. bxa4 Qb2 30. a5 Bd4 31. Bd1 Qxa3 32. Bf3 e5 33. Kh2 g4 34. hxg4 hxg4 35.
Bxg4 Bxe4 36. Qe2 Bg6 37. Be6 Qa1 38. Bd5 Kh6 39. Qd2 Kg5 40. Bb7 e4 41. a6 Be3
42. Qc3 Qd1 43. Qe5+ Bf5 44. Qg7+ Kh5 45. Qh8+ Kg6 46. Qh4 Qa1 47. Bc6 Qxa6 48.
Be8+ Kg7 49. Qe7+ Kh6 50. Bh4 Bg6 51. Bf6 Bxe8 52. Qg7+ Kh5 1-0

[Event "Najdorf Mem Open A 2016"]
[Site "Warsaw POL"]
[Date "2016.07.11"]
[Round "4.29"]
[White "Lewtak, Damian"]
[Black "Bok, Benjamin"]
[Result "1/2-1/2"]
[BlackTitle "GM"]
[WhiteElo "2363"]
[BlackElo "2613"]
[WhiteFideId "1141724"]
[BlackFideId "1017063"]
[EventDate "2016.07.08"]

1. d4 d5 2. c4 e6 3. Nc3 c6 4. Nf3 Nf6 5. Bg5 h6 6. Bxf6 Qxf6 7. Rc1 Nd7 8. e3
g6 9. Bd3 Bg7 10. O-O O-O 11. b4 dxc4 12. Bxc4 Qe7 13. Qb3 e5 14. d5 Nb6 15. e4
Bg4 16. Be2 cxd5 17. Nxd5 Nxd5 18. exd5 e4 19. Nd4 Bxd4 20. Bxg4 e3 21. Qd3
exf2+ 22. Kh1 Qe5 23. Rcd1 Bb6 24. d6 Rad8 25. d7 Qf4 26. Bf3 Qxb4 27. Bxb7 h5
28. Qf3 Qa4 29. Qd5 h4 30. Bc6 Qf4 31. Rd3 Kg7 32. g3 hxg3 33. hxg3 Qg4 34. Kg2
f6 35. Qd6 Rf7 36. Qf4 Qxf4 37. gxf4 Re7 38. a4 Re6 39. Bb5 Re1 40. Rd1 Re4 41.
a5 Bxa5 42. Rxf2 Bb6 43. Rff1 Rb4 44. Rb1 Rxb5 45. Rxb5 Rxd7 46. Rb3 f5 47. Rc1
Rd2+ 48. Kf3 g5 49. fxg5 Kg6 50. Rxb6+ axb6 51. Rc6+ Kxg5 52. Rxb6 Rd3+ 53. Ke2
Rd4 54. Kf2 Kg4 55. Rb3 Rd2+ 56. Kf1 Ra2 57. Rc3 Rb2 58. Ra3 Rc2 59. Rb3 Rd2 60.
Ra3 Kf4 61. Rb3 Ke4 62. Ra3 Rd3 63. Rxd3 Kxd3 64. Kf2 Ke4 65. Ke2 f4 66. Kf2 f3
67. Kf1 Ke3 68. Ke1 f2+ 69. Kf1 Kf3 1/2-1/2

[Event "Najdorf Mem Open A 2016"]
[Site "Warsaw POL"]
[Date "2016.07.11"]
[Round "4.30"]
[White "Lokander, Martin"]
[Black "Svane, Rasmus"]
[Result "1/2-1/2"]
[WhiteTitle "FM"]
[BlackTitle "IM"]
[WhiteElo "2359"]
[BlackElo "2549"]
[WhiteFideId "1709569"]
[BlackFideId "4657101"]
[EventDate "2016.07.08"]

1. d4 d5 2. c4 c6 3. Nc3 Nf6 4. e3 e6 5. Nf3 Nbd7 6. Qc2 Bd6 7. Bd3 O-O 8. O-O
dxc4 9. Bxc4 b5 10. Be2 Bb7 11. e4 e5 12. dxe5 Nxe5 13. Nh4 g6 14. f4 Neg4 15.
g3 Bc5+ 16. Kh1 b4 17. Nd1 Bd4 18. h3 c5 19. Bf3 Nh5 20. Kg2 Ngf6 21. Ne3 Re8
22. e5 Bxf3+ 23. Nxf3 Nd5 24. Nc4 Ng7 25. Nd6 Re6 26. Nxd4 cxd4 27. Qc5 Ne7 28.
g4 Qb6 29. Qxb6 axb6 30. Bd2 f6 31. exf6 Rxf6 32. Ne4 Re6 33. Ng5 Re2+ 34. Rf2
Rxf2+ 35. Kxf2 Nd5 36. a4 h6 37. Nf3 Ne6 38. f5 gxf5 39. gxf5 Nef4 40. Nxd4 Nd3+
41. Kf3 Nxb2 42. Bxh6 Kf7 43. Rg1 Rg8 44. Rxg8 1/2-1/2

[Event "Najdorf Mem Open A 2016"]
[Site "Warsaw POL"]
[Date "2016.07.11"]
[Round "4.31"]
[White "Schroeder, Kevin"]
[Black "Kanarek, Marcel"]
[Result "0-1"]
[WhiteTitle "FM"]
[BlackTitle "IM"]
[WhiteElo "2350"]
[BlackElo "2548"]
[WhiteFideId "12929840"]
[BlackFideId "1126822"]
[EventDate "2016.07.08"]

1. d4 Nf6 2. c4 g6 3. Nc3 Bg7 4. e4 d6 5. Be2 O-O 6. Be3 e5 7. d5 Na6 8. Qc2 Nc5
9. h4 h5 10. O-O-O a5 11. f3 a4 12. Bxc5 dxc5 13. Nxa4 Bh6+ 14. Kb1 Be3 15. Nh3
Ne8 16. Nc3 Qxh4 17. d6 Bxh3 18. Rxh3 Qg5 19. g4 c6 20. gxh5 Rd8 21. f4 Bxf4 22.
hxg6 fxg6 23. Na4 Rxd6 24. Nxc5 Qe7 25. Rdh1 Rd2 26. Rh8+ Kf7 27. R8h7+ Ng7 28.
Qb3 Rxe2 29. a4 Rd8 30. Nd3 Re3 31. Nxe5+ Qxe5 32. Qxb7+ Qc7 33. Qb4 c5 34. Qb5
Rb8 35. Qa6 Rxb2+ 0-1

[Event "Najdorf Mem Open A 2016"]
[Site "Warsaw POL"]
[Date "2016.07.11"]
[Round "4.32"]
[White "Nakar, Eylon"]
[Black "Eggink, Ryszard"]
[Result "0-1"]
[WhiteTitle "IM"]
[WhiteElo "2494"]
[BlackElo "2345"]
[WhiteFideId "2811111"]
[BlackFideId "1125869"]
[EventDate "2016.07.08"]

1. e4 c5 2. Nf3 e6 3. d4 cxd4 4. Nxd4 Nc6 5. Nc3 Qc7 6. Be3 a6 7. Qf3 Nf6 8.
O-O-O d6 9. Nxc6 Qxc6 10. Be2 Be7 11. g4 Nd7 12. g5 b5 13. a3 Bb7 14. h4 Nc5 15.
Rd4 f5 16. gxf6 Bxf6 17. Qg4 O-O-O 18. Rb4 h5 19. Qg2 Bxc3 20. bxc3 Na4 21. Qxg7
Qxc3 22. Qxc3+ Nxc3 23. Bc4 d5 24. Bd4 dxc4 25. Bxc3 Rhf8 26. a4 Rxf2 27. axb5
axb5 28. Re1 Bc6 29. Rb1 Rg8 30. Kb2 Rgg2 31. Ka3 Rxc2 32. Kb4 Kb7 33. Be5 Rce2
34. Rf1 Bxe4 35. Ra1 Bf5 36. Bd4 Kc6 37. Ra6+ Kd5 38. Bc3 Rb2+ 39. Bxb2 Rxb2+
40. Kc3 Rb3+ 41. Kd2 c3+ 42. Ke3 c2+ 43. Kd2 Rh3 44. Rb6 Kc5 45. Rxf5+ exf5 46.
Rf6 Rh2+ 47. Kc1 Rf2 0-1

[Event "Najdorf Mem Open A 2016"]
[Site "Warsaw POL"]
[Date "2016.07.11"]
[Round "4.33"]
[White "Smirnov, Anton"]
[Black "Warakomska, Anna"]
[Result "1-0"]
[WhiteTitle "IM"]
[BlackTitle "WIM"]
[WhiteElo "2478"]
[BlackElo "2321"]
[WhiteFideId "3208923"]
[BlackFideId "1130790"]
[EventDate "2016.07.08"]

1. d4 d5 2. c4 c6 3. Nf3 Nf6 4. Nc3 dxc4 5. a4 Bf5 6. e3 e6 7. Bxc4 Bb4 8. O-O
O-O 9. Qe2 Nbd7 10. e4 Bg6 11. Bd3 Bh5 12. e5 Nd5 13. Nxd5 cxd5 14. Qe3 Bg6 15.
Bxg6 fxg6 16. Ng5 Re8 17. a5 Rc8 18. Qb3 Rc4 19. Be3 Qc7 20. Ra4 Bxa5 21. Rxc4
dxc4 22. Qa4 h6 23. Ne4 b5 24. Qxb5 Rb8 25. Qa6 Nf8 26. Nd6 Rxb2 27. Nxc4 Rc2
28. Nd6 Bb4 29. h3 Rc6 30. Qa2 Bxd6 31. exd6 Qxd6 32. Qxa7 Ra6 33. Qb7 Nd7 34.
Bf4 Qc6 35. Qb4 Kh7 36. Qe7 g5 37. Rc1 Qd5 38. Bd2 Qd6 39. Qf7 Nf6 40. Qb7 Rb6
41. Qc8 Rb8 42. Qc2+ Kg8 43. Qd3 Rd8 44. Qe2 Nd5 45. Re1 Nf4 46. Bxf4 gxf4 47.
Qg4 Qxd4 48. Qxe6+ Kh8 49. Qf5 Qd6 50. Rc1 Qf8 51. Qe4 Qf7 52. Qe5 Re8 53. Qd6
Rf8 54. Rc6 Qf5 55. Kh2 Kh7 56. Rc5 Qf7 57. h4 Kh8 58. Rc7 Qf5 59. Qe7 Qf6 60.
Qxf6 Rxf6 61. Rc5 g6 62. h5 gxh5 63. Rxh5 Kg7 64. Kh3 Kg6 65. Kg4 Rf7 66. Rb5
Rf6 67. Ra5 Rb6 68. Kxf4 Rb4+ 69. Kg3 Rb6 70. Kg4 Rc6 71. g3 Rb6 72. f4 Rc6 73.
Kh4 Rc1 74. Ra6+ Kf5 75. g4+ Kxf4 76. Rf6+ Ke5 77. Rxh6 Rg1 78. Kg5 Rg2 79. Rh1
Ke6 80. Rf1 Ra2 81. Kg6 Ra8 82. Re1+ 1-0

[Event "Najdorf Mem Open A 2016"]
[Site "Warsaw POL"]
[Date "2016.07.11"]
[Round "4.34"]
[White "Socko, Monika"]
[Black "Polok, Kacper"]
[Result "1-0"]
[WhiteTitle "GM"]
[BlackTitle "FM"]
[WhiteElo "2462"]
[BlackElo "2292"]
[WhiteFideId "1106619"]
[BlackFideId "1137158"]
[EventDate "2016.07.08"]

1. d4 Nf6 2. c4 c5 3. d5 b5 4. cxb5 a6 5. bxa6 Bxa6 6. Nc3 d6 7. Nf3 g6 8. g3
Bg7 9. Bg2 O-O 10. O-O Nbd7 11. Qc2 Ng4 12. h3 Nge5 13. Nd2 Qb6 14. f4 Nc4 15.
Nxc4 Bxc4 16. Kh2 Ra7 17. Re1 Bb3 18. Qd2 Bxc3 19. Qxc3 Rxa2 20. Rxa2 Bxa2 21.
e4 e6 22. dxe6 fxe6 23. Re2 Qa6 24. Rd2 Nf6 25. b4 Bb1 26. bxc5 dxc5 27. Bb2 Qc6
28. Qe5 Ba2 29. Qg5 Kg7 30. Bxf6+ Rxf6 31. e5 1-0

[Event "Najdorf Mem Open A 2016"]
[Site "Warsaw POL"]
[Date "2016.07.11"]
[Round "4.35"]
[White "Zaksaite, Salomeja"]
[Black "Feuerstack, Aljoscha"]
[Result "0-1"]
[WhiteTitle "WIM"]
[BlackTitle "IM"]
[WhiteElo "2336"]
[BlackElo "2454"]
[WhiteFideId "12801496"]
[BlackFideId "4681932"]
[EventDate "2016.07.08"]

1. e4 c5 2. Nf3 e6 3. d4 cxd4 4. Nxd4 a6 5. Nc3 Qc7 6. Bd3 Nf6 7. Qe2 d6 8. Be3
b5 9. a3 Be7 10. f4 Bb7 11. O-O Nbd7 12. f5 e5 13. Nf3 Rc8 14. Nd2 Qb8 15. Bf2
Qa8 16. Rae1 Bd8 17. Kh1 O-O 18. Rg1 Ba5 19. Ndb1 Rfe8 20. g4 Bxc3 21. Nxc3 Rxc3
22. bxc3 d5 23. Be3 dxe4 24. Bxb5 axb5 25. g5 Nd5 26. f6 Nxe3 27. Qxe3 Qxa3 28.
fxg7 Rc8 29. g6 fxg6 30. Rgf1 Qc5 31. Qh3 e3+ 32. Kg1 e2+ 33. Rf2 Qd5 0-1

[Event "Najdorf Mem Open A 2016"]
[Site "Warsaw POL"]
[Date "2016.07.11"]
[Round "4.36"]
[White "Sieciechowicz, Marcin"]
[Black "Martin, Julian"]
[Result "0-1"]
[WhiteTitle "IM"]
[WhiteElo "2430"]
[BlackElo "2280"]
[WhiteFideId "1130170"]
[BlackFideId "12941000"]
[EventDate "2016.07.08"]

1. d4 Nf6 2. c4 e6 3. Nf3 d5 4. Nc3 c6 5. Bg5 h6 6. Bxf6 Qxf6 7. a3 dxc4 8. Ne5
b5 9. g3 a6 10. Bg2 Ra7 11. Nxc6 Nxc6 12. Bxc6+ Bd7 13. Bg2 Be7 14. O-O O-O 15.
e4 Bd8 16. e5 Qe7 17. f4 Bb6 18. Kh1 Qe8 19. d5 exd5 20. Nxd5 Bc6 21. Qe2 Bc5
22. f5 Bd4 23. e6 Qa8 24. Nf4 Bxg2+ 25. Nxg2 Re8 26. Rf4 Bf6 27. Re1 Rae7 28.
Re4 Qd5 29. g4 fxe6 30. fxe6 Qc6 31. h3 Bh4 32. Rd1 Rxe6 33. Rxe6 Rxe6 34. Qd2
Bf6 35. Kg1 Qc5+ 36. Kh1 Qc6 37. Kg1 Qc5+ 38. Kh1 Bg5 39. Qd7 Qc6 40. Qxc6 Rxc6
41. Kg1 c3 42. bxc3 Rxc3 43. Rd5 Rxh3 44. a4 bxa4 0-1